[Event "zonal 2.5"]
[Site "Buenos Aires ARG"]
[Date "2000.07.30"]
[Round "5.4"]
[White "Roselli Mailhe, Bernardo"]
[Black "Salas Arros, Cristian"]
[Result "1-0"]
[WhiteElo "2400"]
[BlackElo "2300"]
[EventDate "2000.07.26"]
[PlyCount "118"]

1.e4 c6 2.d4 d5 3.Nc3 dxe4 4.Nxe4 Bf5 5.Ng3 Bg6 6.Bc4 e6 7.N1e2 Bd6 8.O-O 
Qc7 9.f4 Ne7 10.Bd3 Nd7 11.c4 Rd8 12.Kh1 Nf6 13.f5 Nxf5 14.Bxf5 exf5 15.
Nxf5 Bxf5 16.Rxf5 O-O 17.Bg5 Be7 18.Ng3 Ne8 19.Bxe7 Qxe7 20.Qd3 Nd6 21.Re5
Qc7 22.Rd1 Rd7 23.b3 g6 24.Rde1 Qd8 25.Qe3 b5 26.c5 Nc8 27.Qe4 Rxd4 28.
Qxc6 Qd7 29.Qf6 Rd1 30.h3 Qd8 31.Qf3 Rxe1+ 32.Rxe1 Qd2 33.Rd1 Qxa2 34.Qc3 
b4 35.Qxb4 Qb2 36.Ne4 Qe5 37.Re1 Ne7 38.Nd6 Qf6 39.Qe4 Nf5 40.Nxf5 Qxf5 
41.Qxf5 gxf5 42.Kg1 Rb8 43.Re3 Kf8 44.Kf2 Rb5 45.Rc3 Ke7 46.Ke3 Kd7 47.Kf4
Kc6 48.Kg5 Rxc5 49.Rf3 Kd6 50.Kf6 a5 51.h4 h5 52.Rxf5 Rc2 53.Rxh5 Rxg2 54.
Rxa5 Rh2 55.h5 Rh3 56.Rb5 Rf3+ 57.Kg7 Ke6 58.h6 Rg3+ 59.Kf8 f6 1-0

[Event "zonal 2.5"]
[Site "Buenos Aires ARG"]
[Date "2000.07.30"]
[Round "5.5"]
[White "Giaccio, Alfredo Gustavo"]
[Black "Rodriguez Vila, Andres"]
[Result "0-1"]
[WhiteElo "2505"]
[BlackElo "2493"]
[EventDate "2000.07.26"]
[PlyCount "56"]

1.e4 e6 2.d4 d5 3.e5 c5 4.c3 Nc6 5.Nf3 Bd7 6.dxc5 Bxc5 7.b4 Bb6 8.b5 Na5 
9.Bd3 Ne7 10.O-O Rc8 11.Qe2 h6 12.g3 Qc7 13.Kg2 Nc4 14.a4 Ng6 15.Re1 O-O 
16.Nbd2 Ba5 17.Bxc4 Bxc3 18.Ba3 Bxa1 19.Bd6 Qa5 20.Rxa1 dxc4 21.Bxf8 Kxf8 
22.Nxc4 Bxb5 23.axb5 Qxa1 24.Nd6 Rc7 25.h4 Qa4 26.Qd3 Qc2 27.Qa3 Qc5 28.b6
Qxa3 0-1

[Event "zonal 2.5"]
[Site "Buenos Aires ARG"]
[Date "2000.07.30"]
[Round "5.6"]
[White "Silva Sanchez, Carlos"]
[Black "Slipak, Sergio David"]
[Result "1-0"]
[WhiteElo "2015"]
[BlackElo "2520"]
[EventDate "2000.07.26"]
[PlyCount "89"]

1.d4 Nf6 2.Nf3 c5 3.c4 cxd4 4.Nxd4 b6 5.Nc3 Bb7 6.Bg5 e6 7.Ndb5 d6 8.Bf4 
e5 9.Bg5 a6 10.Bxf6 gxf6 11.Na3 b5 12.Nc2 Nd7 13.e4 f5 14.cxb5 Qa5 15.Ne3 
Bxe4 16.Bc4 axb5 17.Bxb5 Bb7 18.Nd5 O-O-O 19.O-O Rg8 20.f3 Nb6 21.a4 Kb8 
22.Kh1 Nxd5 23.Nxd5 Bh6 24.Ne7 Rg5 25.Nc6+ Bxc6 26.Bxc6 Ka7 27.b4 Qb6 28.
Qd5 Rg7 29.a5 Qd4 30.b5 Qxd5 31.Bxd5 Rc8 32.b6+ Ka6 33.Rfb1 Be3 34.Bb3 Bd4
35.Ra2 f6 36.Bc2 Rc5 37.Bd3+ Kb7 38.a6+ Kb8 39.a7+ Ka8 40.Bxf5 Rb7 41.g3 
d5 42.Be6 e4 43.fxe4 dxe4 44.Ra4 Be3 45.Rd1 1-0

[Event "zonal 2.5"]
[Site "Buenos Aires ARG"]
[Date "2000.07.30"]
[Round "5.7"]
[White "Peralta, Eduardo"]
[Black "Spangenberg, Hugo"]
[Result "0-1"]
[WhiteElo "2330"]
[BlackElo "2542"]
[EventDate "2000.07.26"]
[PlyCount "98"]

1.Nf3 d6 2.g3 e5 3.d3 f5 4.Bg2 Nf6 5.O-O Be7 6.c4 O-O 7.Nc3 Qe8 8.b4 Qh5 
9.a4 f4 10.e3 Bg4 11.Rb1 Nbd7 12.exf4 exf4 13.d4 Rae8 14.Rb3 d5 15.c5 Ne4 
16.Ne2 fxg3 17.fxg3 g5 18.Re3 c6 19.Qb3 Kh8 20.Nc3 Ndf6 21.Ne5 Bh3 22.Nxe4
Nxe4 23.Bxh3 Qxh3 24.Nf7+ Kg7 25.Ref3 Bf6 26.Ne5 Qc8 27.Qd3 Bxe5 28.dxe5 
Rxf3 29.Rxf3 Rf8 30.Bb2 Kg6 31.Bd4 Rxf3 32.Qxf3 Qf5 33.Qxf5+ Kxf5 34.g4+ 
Ke6 35.Kf1 Nd2+ 36.Ke2 Nc4 37.h3 Nxe5 38.b5 Ng6 39.Kf3 Kf7 40.Bc3 Nf4 41.
Be5 Nxh3 42.bxc6 bxc6 43.Bb8 a6 44.Kg3 Nf4 45.Bxf4 gxf4+ 46.Kxf4 Kf6 47.
g5+ Ke6 48.a5 d4 49.Ke4 d3 0-1

[Event "zonal 2.5"]
[Site "Buenos Aires ARG"]
[Date "2000.08.01"]
[Round "6.1"]
[White "Vasquez Schroder, Rodrigo"]
[Black "Fiorito, Fabian"]
[Result "1/2-1/2"]
[WhiteElo "2454"]
[BlackElo "2418"]
[EventDate "2000.07.26"]
[PlyCount "95"]

1.d4 Nf6 2.Nf3 g6 3.c4 Bg7 4.Nc3 O-O 5.Bf4 d6 6.h3 c5 7.d5 Bf5 8.g4 Bc8 9.
Bg2 Na6 10.O-O Nc7 11.e4 h5 12.g5 Nd7 13.Re1 Nb6 14.Bf1 f6 15.Bg3 e5 16.
dxe6 Nxe6 17.Bxd6 Rf7 18.Bg3 Qxd1 19.Raxd1 fxg5 20.Ne5 Bxe5 21.Bxe5 Nd7 
22.Bd6 b6 23.Nd5 Bb7 24.Bg2 Re8 25.e5 Bc8 26.Nc3 Kg7 27.Bd5 Rf5 28.Nb5 Nf4
29.Nc7 Rexe5 30.Bxe5+ Nxe5 31.Re3 g4 32.Ne8+ Kf8 33.Nd6 Nxh3+ 34.Rxh3 gxh3
35.Nxc8 h2+ 36.Kxh2 Rxf2+ 37.Kg3 Rxb2 38.Re1 Ng4 39.Re7 Rxa2 40.Rf7+ Ke8 
41.Nd6+ Kd8 42.Rg7 Nf6 43.Kf4 Rf2+ 44.Kg5 Nxd5 45.cxd5 c4 46.Rxa7 c3 47.
Ra3 Rf3 48.Ra4 1/2-1/2

[Event "zonal 2.5"]
[Site "Buenos Aires ARG"]
[Date "2000.08.01"]
[Round "6.2"]
[White "Ricardi, Pablo"]
[Black "Rodriguez Vila, Andres"]
[Result "1-0"]
[WhiteElo "2488"]
[BlackElo "2493"]
[EventDate "2000.07.26"]
[PlyCount "81"]

1.d4 f5 2.Bg5 h6 3.Bh4 g5 4.e3 Nf6 5.Bg3 Bg7 6.h4 d6 7.hxg5 hxg5 8.Rxh8+ 
Bxh8 9.Nc3 Nc6 10.Nh3 g4 11.Nf4 e6 12.Bh4 d5 13.Bb5 Qd7 14.Qe2 a6 15.Bxc6 
Qxc6 16.O-O-O Bd7 17.Ng6 Bg7 18.Ne5 Qd6 19.f3 gxf3 20.gxf3 Qf8 21.Qg2 
O-O-O 22.Ne2 Be8 23.Nf4 Rd6 24.Rg1 Bh6 25.Bg5 Nh5 26.Bxh6 Qxh6 27.Qh2 Rd8 
28.Neg6 Nxf4 29.Qxh6 Ne2+ 30.Kd2 Nxg1 31.Ne5 Bb5 32.Qg6 Nh3 33.Qxe6+ Kb8 
34.Qxf5 Rh8 35.Ng6 Rg8 36.Qf7 Rd8 37.Qe6 Rd6 38.Qg8+ Ka7 39.Ne7 Bd7 40.b3 
c6 41.Qd8 1-0

[Event "zonal 2.5"]
[Site "Buenos Aires ARG"]
[Date "2000.08.01"]
[Round "6.3"]
[White "Sorin, Ariel"]
[Black "Zarnicki, Pablo"]
[Result "1-0"]
[WhiteElo "2490"]
[BlackElo "2488"]
[EventDate "2000.07.26"]
[PlyCount "87"]

1.d4 Nf6 2.c4 g6 3.Nc3 Bg7 4.e4 d6 5.Be2 O-O 6.Bg5 Na6 7.f4 Qe8 8.Nf3 e5 
9.fxe5 dxe5 10.d5 h6 11.Bh4 Ng4 12.Qd2 f5 13.h3 Nf6 14.exf5 e4 15.Nd4 e3 
16.Qc2 g5 17.Bg3 Nb4 18.Qb3 Ne4 19.Nxe4 Qxe4 20.O-O-O Bxd4 21.Bf3 Qc2+ 22.
Qxc2 Nxc2 23.Kxc2 Bxf5+ 24.Kb3 Bb6 25.c5 Bxc5 26.Bxc7 Rae8 27.Rhe1 Bxh3 
28.d6 Bd7 29.Bd5+ Kg7 30.Rc1 b6 31.Kc3 Rf6 32.Rcd1 Bxd6 33.Bc4 Bg4 34.Rxd6
Rc8 35.Rxf6 Kxf6 36.Rf1+ Kg6 37.Rf7 b5 38.Bd5 e2 39.Kd2 Re8 40.Ke1 h5 41.
Ba5 Re5 42.Bb3 b4 43.Bxb4 Rb5 44.Bc3 1-0

[Event "zonal 2.5"]
[Site "Buenos Aires ARG"]
[Date "2000.08.01"]
[Round "6.4"]
[White "Roselli Mailhe, Bernardo"]
[Black "Crosa Coll, Martin"]
[Result "1-0"]
[WhiteElo "2400"]
[BlackElo "2242"]
[EventDate "2000.07.26"]
[PlyCount "63"]

1.d4 Nf6 2.c4 e5 3.dxe5 Ng4 4.Nf3 Nc6 5.e3 Ncxe5 6.Nxe5 Nxe5 7.Be2 g6 8.
Bd2 Bg7 9.Bc3 O-O 10.O-O Qe7 11.Re1 d6 12.f4 Nd7 13.Bf3 Nf6 14.Nd2 c6 15.
e4 Be6 16.f5 Bc8 17.c5 d5 18.e5 Qxc5+ 19.Kh1 Nd7 20.f6 Bh6 21.Nb3 Qf2 22.
Rf1 Qh4 23.g3 Qa4 24.Bd2 g5 25.Bg2 Kh8 26.Qh5 Rg8 27.Qxh6 Rg6 28.Qh5 Nxf6 
29.Qe2 Bg4 30.Qe3 Re8 31.Bc3 Kg8 32.Qf2 1-0

[Event "zonal 2.5"]
[Site "Buenos Aires ARG"]
[Date "2000.08.01"]
[Round "6.5"]
[White "Spangenberg, Hugo"]
[Black "Silva Sanchez, Carlos"]
[Result "1/2-1/2"]
[WhiteElo "2542"]
[BlackElo "2015"]
[EventDate "2000.07.26"]
[PlyCount "76"]

1.e4 c5 2.Nf3 d6 3.d4 cxd4 4.Nxd4 Nf6 5.Nc3 a6 6.g3 Nc6 7.Bg2 Bd7 8.O-O e6
9.a4 Be7 10.Nb3 Ne5 11.Qe2 Qc7 12.Kh1 Qc4 13.Qd1 Rd8 14.f4 Ng6 15.Be3 h5 
16.h3 e5 17.f5 Nf8 18.Nd2 Qc7 19.a5 Rc8 20.Bb6 Qb8 21.Nd5 Nxd5 22.exd5 h4 
23.g4 Nh7 24.c4 Bd8 25.b4 Bg5 26.Rc1 O-O 27.Rc3 Bb5 28.Rf2 Bxd2 29.Rxd2 
Rxc4 30.Rxc4 Bxc4 31.Qc1 Bb3 32.Rb2 Rc8 33.Qe1 Ba4 34.Qxh4 Rc1+ 35.Kh2 f6 
36.Be3 Rc2 37.Rxc2 Bxc2 38.Qf2 Qc7 1/2-1/2

[Event "zonal 2.5"]
[Site "Buenos Aires ARG"]
[Date "2000.08.01"]
[Round "6.6"]
[White "Salas Arros, Cristian"]
[Black "Slipak, Sergio David"]
[Result "1/2-1/2"]
[WhiteElo "2300"]
[BlackElo "2520"]
[EventDate "2000.07.26"]
[PlyCount "81"]

1.d4 c5 2.d5 d6 3.c4 g6 4.Nc3 Bg7 5.e4 a6 6.Bd3 e5 7.h3 Ne7 8.g4 O-O 9.
Nge2 f5 10.gxf5 gxf5 11.Bg5 f4 12.Ng1 Nd7 13.Nf3 Nf6 14.Qe2 Bd7 15.a4 Be8 
16.Qc2 Qa5 17.Ra3 Bh5 18.Be2 Ng6 19.Nh4 Nxh4 20.Bxh4 f3 21.Bd3 Bh6 22.Rg1+
Kf7 23.Rb3 Qc7 24.Bg5 Bxg5 25.Rxg5 Rg8 26.Qd2 Qe7 27.Rf5 Rg1+ 28.Bf1 Bg6 
29.Rxf3 Kg7 30.Qe3 b5 31.cxb5 axb5 32.Rxb5 Nxe4 33.Nxe4 Rxa4 34.Ng3 Ra1+ 
35.Kd2 Rgxf1 36.Nxf1 Rxf1 37.Qb3 Qg5+ 38.Qe3 Qe7 39.Qb3 Qg5+ 40.Qe3 Qe7 
41.Qb3 1/2-1/2

[Event "zonal 2.5"]
[Site "Buenos Aires ARG"]
[Date "2000.08.01"]
[Round "6.7"]
[White "Giaccio, Alfredo Gustavo"]
[Black "Peralta, Eduardo"]
[Result "1/2-1/2"]
[WhiteElo "2505"]
[BlackElo "2330"]
[EventDate "2000.07.26"]
[PlyCount "114"]

1.e4 c5 2.Nf3 d6 3.d4 cxd4 4.Nxd4 Nf6 5.Nc3 Nc6 6.f3 e5 7.Nb3 Be7 8.Be3 
O-O 9.Qd2 a5 10.Na4 Be6 11.Bb5 d5 12.Bb6 Qb8 13.Nbc5 dxe4 14.fxe4 Nd4 15.
Bd3 Nd7 16.Nxd7 Bxd7 17.Bxd4 exd4 18.Nb6 Ra7 19.Nxd7 Qc7 20.O-O Qxd7 21.
Bc4 b5 22.Bd5 Bc5 23.Kh1 Ra6 24.Rf5 Qd6 25.Raf1 Ra7 26.Qe2 Qb6 27.R1f3 Rc7
28.Qf1 Qa7 29.Qxb5 g6 30.Rf6 Kg7 31.Qf1 a4 32.Ra6 Qb8 33.Ra8 Qxa8 34.Bxa8 
Rxa8 35.Qe1 Re7 36.Qh4 Ra6 37.g3 Rae6 38.Qg5 Ba7 39.Qd5 f6 40.Ra3 Rxe4 41.
Rxa4 Re1+ 42.Kg2 d3 43.Rxa7 Re2+ 44.Kf3 Re3+ 45.Kf4 g5+ 46.Kg4 Rxa7 47.
cxd3 Rc7 48.b4 Kg6 49.Qf5+ Kg7 50.d4 Rce7 51.b5 R3e4+ 52.Kh5 Rxd4 53.Qc5 
Ree4 54.Qc7+ Kg8 55.g4 Re3 56.h4 Rh3 57.Qc8+ Kg7 1/2-1/2

[Event "zonal 2.5"]
[Site "Buenos Aires ARG"]
[Date "2000.08.02"]
[Round "7.1"]
[White "Sorin, Ariel"]
[Black "Roselli Mailhe, Bernardo"]
[Result "0-1"]
[WhiteElo "2490"]
[BlackElo "2400"]
[EventDate "2000.07.26"]
[PlyCount "118"]

1.d4 Nf6 2.c4 g6 3.Nc3 Bg7 4.e4 d6 5.Be2 O-O 6.Bg5 Na6 7.h4 e5 8.d5 h6 9.
Be3 Nc5 10.f3 Nh5 11.Qd2 f5 12.b4 Na6 13.a3 Ng3 14.Rh2 f4 15.Bf2 Bf6 16.
Bd3 Bxh4 17.Nge2 Bg5 18.Nc1 Nb8 19.Nb3 Nd7 20.c5 Nf6 21.Rc1 Rf7 22.Qc2 Ne8
23.a4 h5 24.Bb5 c6 25.Bd3 cxd5 26.Nxd5 dxc5 27.bxc5 Be6 28.Bc4 Kh7 29.Rd1 
Rd7 30.Qc3 Nc7 31.c6 bxc6 32.Nc5 cxd5 33.Nxd7 d4 34.Bxd4 exd4 35.Qxd4 Bxd7
36.Qxd7+ Kh6 37.Qxd8 Rxd8 38.Rxd8 Bxd8 39.Kd2 Bf6 40.Kd3 Kg7 41.Ba2 Be5 
42.Kc4 Bd6 43.Bb1 Kf6 44.Bd3 Ke5 45.Rh3 g5 46.Rh2 Ba3 47.Bb1 Kd6 48.Kb3 
Bc1 49.Kc4 Bb2 50.Kb3 Be5 51.Kc4 Kc6 52.Bd3 a5 53.Bc2 Ne8 54.Bb3 Nd6+ 55.
Kd3 Kc5 56.Be6 Kb4 57.Bd7 Nc4 58.Be8 h4 59.Kc2 Nb2 0-1

[Event "zonal 2.5"]
[Site "Buenos Aires ARG"]
[Date "2000.08.02"]
[Round "7.2"]
[White "Zarnicki, Pablo"]
[Black "Ricardi, Pablo"]
[Result "1/2-1/2"]
[WhiteElo "2488"]
[BlackElo "2488"]
[EventDate "2000.07.26"]
[PlyCount "46"]

1.e4 c5 2.Nf3 e6 3.c3 d5 4.exd5 Qxd5 5.d4 Nf6 6.Be2 cxd4 7.cxd4 Be7 8.Nc3 
Qd8 9.O-O Nc6 10.Be3 Nd5 11.Nxd5 exd5 12.Ne5 O-O 13.Qb3 Qd6 14.Bf3 Bf6 15.
Bxd5 Nxe5 16.dxe5 Qxe5 17.Rad1 Be6 18.Bxe6 Qxe6 19.Qxe6 fxe6 20.Rd7 b6 21.
b4 Rfc8 22.Rc1 Rxc1+ 23.Bxc1 a5 1/2-1/2

[Event "zonal 2.5"]
[Site "Buenos Aires ARG"]
[Date "2000.08.02"]
[Round "7.3"]
[White "Fiorito, Fabian"]
[Black "Silva Sanchez, Carlos"]
[Result "1-0"]
[WhiteElo "2418"]
[BlackElo "2015"]
[EventDate "2000.07.26"]
[PlyCount "61"]

1.e4 c5 2.Nf3 Nc6 3.Bb5 a6 4.Bxc6 dxc6 5.h3 e5 6.d3 Bd6 7.Be3 b6 8.c3 Nf6 
9.Nbd2 Bc7 10.Qc2 O-O 11.b4 cxb4 12.cxb4 Bb7 13.O-O Nd7 14.Rad1 a5 15.bxa5
Rxa5 16.Nc4 Ra6 17.d4 exd4 18.Bxd4 Qe8 19.Ba1 Nc5 20.e5 Ne6 21.Nd6 Qa8 22.
Nxb7 Qxb7 23.Nd4 Nxd4 24.Rxd4 Qa8 25.a4 b5 26.Rd7 Rxa4 27.Bb2 Bb6 28.e6 
Ra7 29.Qc3 f6 30.Rfd1 Rc8 31.Qg3 1-0

[Event "zonal 2.5"]
[Site "Buenos Aires ARG"]
[Date "2000.08.02"]
[Round "7.4"]
[White "Salas Arros, Cristian"]
[Black "Vasquez Schroder, Rodrigo"]
[Result "0-1"]
[WhiteElo "2300"]
[BlackElo "2454"]
[EventDate "2000.07.26"]
[PlyCount "66"]

1.e4 e6 2.d4 d5 3.e5 c5 4.Nf3 Nc6 5.Bd3 cxd4 6.O-O f6 7.Qe2 Qc7 8.Bf4 g5 
9.Bg3 g4 10.Nh4 fxe5 11.Qxg4 Bd6 12.Qh5+ Kf8 13.Ng6+ hxg6 14.Qxh8 Qg7 15.
Qxg7+ Kxg7 16.Nd2 Bc5 17.Nb3 Bb6 18.Rfe1 Kf6 19.Rad1 Nge7 20.a4 a6 21.a5 
Ba7 22.f3 Bd7 23.Bf2 Rh8 24.g4 g5 25.Kg2 Bb8 26.Rh1 Nb4 27.Nc5 Bc6 28.h4 
Nxd3 29.Nxd3 Ng6 30.h5 Nf8 31.Rhe1 Nd7 32.Rxe5 Nxe5 33.Bxd4 Bb5 0-1

[Event "zonal 2.5"]
[Site "Buenos Aires ARG"]
[Date "2000.08.02"]
[Round "7.5"]
[White "Rodriguez Vila, Andres"]
[Black "Spangenberg, Hugo"]
[Result "0-1"]
[WhiteElo "2493"]
[BlackElo "2542"]
[EventDate "2000.07.26"]
[PlyCount "96"]

1.e4 c5 2.Nc3 Nc6 3.g3 g6 4.Bg2 Bg7 5.d3 d6 6.f4 e5 7.Nf3 Nge7 8.O-O O-O 
9.Be3 Nd4 10.Qd2 Qb6 11.Rab1 Bd7 12.a3 Rac8 13.Kh1 a6 14.f5 gxf5 15.Bh6 f6
16.Nh4 fxe4 17.dxe4 Rf7 18.Bxg7 Kxg7 19.Nd1 c4 20.Ne3 Qc6 21.c3 Nb3 22.Qe2
b5 23.g4 Rcf8 24.Rbd1 Nc5 25.Nhf5+ Bxf5 26.Nxf5+ Nxf5 27.exf5 e4 28.Qe3 d5
29.Qd4 Nd3 30.g5 h6 31.gxh6+ Kh8 32.Rd2 Rh7 33.Qe3 Rg8 34.Rg1 Qd6 35.Bf1 
Rxg1+ 36.Kxg1 Qf8 37.Rg2 Qxh6 38.Qd4 Rg7 39.Bxd3 cxd3 40.Rxg7 Kxg7 41.Qa7+
Kh8 42.Qa8+ Kg7 43.Qxd5 Qe3+ 44.Kf1 Kh6 45.Qe6 Qf3+ 46.Kg1 Kg5 47.Qg8+ Kf4
48.Qg6 Ke3 0-1

[Event "zonal 2.5"]
[Site "Buenos Aires ARG"]
[Date "2000.08.03"]
[Round "8.1"]
[White "Crosa Coll, Martin"]
[Black "Fiorito, Fabian"]
[Result "1/2-1/2"]
[WhiteElo "2242"]
[BlackElo "2418"]
[EventDate "2000.07.26"]
[PlyCount "105"]

1.e4 c5 2.Nf3 e6 3.d4 cxd4 4.Nxd4 a6 5.Nc3 Qc7 6.g3 Bb4 7.Ne2 Nf6 8.Bg2 
Nc6 9.O-O Be7 10.Nf4 O-O 11.Nd3 d6 12.f4 Re8 13.Kh1 Rb8 14.Be3 b5 15.Qd2 
b4 16.Na4 Rd8 17.c4 Na5 18.b3 Bd7 19.e5 dxe5 20.fxe5 Ng4 21.Bf4 Bxa4 22.
bxa4 Qxc4 23.Rad1 g5 24.Qe2 h5 25.Bc1 Nc6 26.Bb2 Nd4 27.Qe4 Rbc8 28.Nf2 
Nf5 29.Rxd8+ Bxd8 30.Nxg4 hxg4 31.Qxc4 Rxc4 32.Rd1 Bc7 33.Rc1 Ne3 34.Rxc4 
Nxc4 35.Bc1 a5 36.Bxg5 Nxe5 37.Bf4 f5 38.h3 gxh3 39.Bxh3 Kf7 40.Bf1 Kf6 
41.Kg2 Bb6 42.Bxe5+ Kxe5 43.Bc4 Kf6 44.Kf3 e5 45.g4 e4+ 46.Kf4 Bc7+ 47.Ke3
fxg4 48.Kxe4 Kg5 49.Ke3 Kh4 50.Kf2 Kh3 51.Be6 Bb6+ 52.Kf1 Kg3 53.Bd5 
1/2-1/2

[Event "zonal 2.5"]
[Site "Buenos Aires ARG"]
[Date "2000.08.03"]
[Round "8.2"]
[White "Ricardi, Pablo"]
[Black "Roselli Mailhe, Bernardo"]
[Result "1-0"]
[WhiteElo "2488"]
[BlackElo "2400"]
[EventDate "2000.07.26"]
[PlyCount "130"]

1.e4 e5 2.Nf3 Nc6 3.d4 exd4 4.Nxd4 Bc5 5.Nb3 Bb6 6.Nc3 Qf6 7.Qe2 Nge7 8.
Be3 O-O 9.O-O-O d6 10.f3 Ne5 11.h4 h6 12.Kb1 Be6 13.f4 Bxe3 14.Qxe3 Ng4 
15.Qg3 h5 16.Be2 Rad8 17.Nd4 Bc8 18.f5 Qe5 19.Qe1 d5 20.Nf3 Qf6 21.Bd3 
dxe4 22.Nxe4 Qb6 23.f6 Nxf6 24.Nxf6+ Qxf6 25.Qa5 Bg4 26.Qxc7 Nd5 27.Qc5 
Rd6 28.Bh7+ Kxh7 29.Ng5+ Kg8 30.Ne4 Qg6 31.Nxd6 Bxd1 32.Rxd1 Nf4 33.Nf5 
Qf6 34.g3 Ng6 35.a3 Rd8 36.Rf1 Qe5 37.Qxa7 Qb5 38.Qf2 Rd2 39.Qe1 Qc4 40.
Ne3 Qd4 41.Rf5 Qd7 42.Rxh5 f6 43.Kc1 Rd6 44.Qb4 Re6 45.Rd5 Qc6 46.Rd8+ Kf7
47.Qb3 Nf8 48.Rd1 Qf3 49.Nc4 Qxb3 50.cxb3 Rc6 51.Kb1 Ke7 52.Ne3 g6 53.b4 
f5 54.h5 gxh5 55.Nxf5+ Kf6 56.Nd6 Kg5 57.Nxb7 Kg4 58.Rd3 Ng6 59.Nc5 Ne5 
60.Rd5 Nf3 61.b5 Rh6 62.Ne4 Re6 63.Nd6 Kxg3 64.b6 Ne5 65.Rxe5 Rxd6 1-0

[Event "zonal 2.5"]
[Site "Buenos Aires ARG"]
[Date "2000.08.03"]
[Round "8.3"]
[White "Silva Sanchez, Carlos"]
[Black "Vasquez Schroder, Rodrigo"]
[Result "0-1"]
[WhiteElo "2015"]
[BlackElo "2454"]
[EventDate "2000.07.26"]
[PlyCount "60"]

1.c4 c5 2.Nf3 Nf6 3.Nc3 b6 4.d4 cxd4 5.Nxd4 Bb7 6.f3 d6 7.e4 e6 8.Be3 a6 
9.Be2 Nbd7 10.O-O Be7 11.Qd2 O-O 12.Kh1 Rc8 13.Rac1 Re8 14.Rfd1 Qc7 15.Bf1
Qb8 16.Qf2 Bd8 17.b3 Bc7 18.g3 Qa8 19.Bg2 Bd8 20.a4 Nc5 21.b4 Ncd7 22.Qa2 
Be7 23.Qb3 Bf8 24.Bg1 h6 25.Rd2 Ne5 26.Nce2 d5 27.cxd5 Rxc1 28.Nxc1 exd5 
29.exd5 Bxd5 30.Qc3 Rc8 0-1

[Event "zonal 2.5"]
[Site "Buenos Aires ARG"]
[Date "2000.08.03"]
[Round "8.4"]
[White "Slipak, Sergio David"]
[Black "Sorin, Ariel"]
[Result "1/2-1/2"]
[WhiteElo "2520"]
[BlackElo "2490"]
[EventDate "2000.07.26"]
[PlyCount "138"]

1.d4 Nf6 2.g3 c5 3.d5 b5 4.Bg2 Bb7 5.e4 d6 6.Ne2 g6 7.O-O Bg7 8.c3 O-O 9.
Bf4 Nbd7 10.Nd2 Nb6 11.Qc2 Re8 12.Rad1 e6 13.c4 bxc4 14.dxe6 Rxe6 15.Nc3 
Nh5 16.Be3 Bd4 17.Nd5 Bxe3 18.Nxe3 Nf6 19.Nexc4 Nxc4 20.Qxc4 Qb6 21.Qc2 
Rae8 22.Bh3 Bxe4 23.Qc1 Bf5 24.Bxf5 gxf5 25.Nc4 Qa6 26.Qg5+ Kh8 27.b3 Ne4 
28.Qxf5 Nc3 29.Rde1 d5 30.Ne5 f6 31.Nf3 Qc6 32.h4 d4 33.Rxe6 Rxe6 34.Ng5 
Re7 35.Kh2 Kg8 36.Re1 Qd7 37.Ne6 Nd5 38.Re5 Nc7 39.Nxc5 Qxf5 40.Rxf5 Re2 
41.Rxf6 Rxa2 42.Kg2 Nd5 43.Rd6 Ne3+ 44.Kf3 Nc2 45.Ke4 Ne1 46.f4 Rg2 47.
Rxd4 Rxg3 48.Rd8+ Kg7 49.Rd7+ Kh6 50.Rxa7 Rc3 51.Ne6 Rxb3 52.Kf5 Ng2 53.
Ng5 Ne3+ 54.Ke4 Kh5 55.Rxh7+ Kg4 56.Nf3 Ng2 57.Rg7+ Kh3 58.Nd4 Re3+ 59.Kf5
Nxh4+ 60.Kf6 Ra3 61.Ne6 Ra6 62.f5 Nxf5 63.Kxf5 Ra5+ 64.Ke4 Ra4+ 65.Nd4 Kh4
66.Ke5 Kh5 67.Rg1 Kh4 68.Nf5+ Kh3 69.Nd6 Ra2 1/2-1/2

[Event "zonal 2.5"]
[Site "Buenos Aires ARG"]
[Date "2000.08.03"]
[Round "8.5"]
[White "Zarnicki, Pablo"]
[Black "Spangenberg, Hugo"]
[Result "1/2-1/2"]
[WhiteElo "2488"]
[BlackElo "2542"]
[EventDate "2000.07.26"]
[PlyCount "32"]

1.Nf3 Nf6 2.c4 c5 3.Nc3 Nc6 4.g3 g6 5.Bg2 Bg7 6.O-O O-O 7.b3 d5 8.cxd5 
Nxd5 9.Bb2 Nxc3 10.dxc3 Bf5 11.Qxd8 Rfxd8 12.Rfd1 Be4 13.Ne1 Bxg2 14.Kxg2 
Kf8 15.Nd3 b6 16.Nf4 e6 1/2-1/2

[Event "zonal 2.5"]
[Site "Buenos Aires ARG"]
[Date "2000.08.03"]
[Round "8.6"]
[White "Giaccio, Alfredo Gustavo"]
[Black "Salas Arros, Cristian"]
[Result "1-0"]
[WhiteElo "2505"]
[BlackElo "2300"]
[EventDate "2000.07.26"]
[PlyCount "97"]

1.e4 c5 2.Nf3 d6 3.d4 cxd4 4.Nxd4 Nf6 5.Nc3 Nc6 6.f3 e5 7.Nb3 Be7 8.Be3 
O-O 9.Qd2 a5 10.Na4 Be6 11.Bb5 d5 12.Nb6 Rb8 13.exd5 Nxd5 14.Nxd5 Qxd5 15.
Qxd5 Bxd5 16.c3 Rfc8 17.Kf2 a4 18.Rhd1 Be6 19.Nd2 a3 20.b3 Na5 21.Rac1 f5 
22.Bb6 Bc5+ 23.Bxc5 Rxc5 24.Bf1 Rbc8 25.b4 Rxc3 26.Rxc3 Rxc3 27.bxa5 Bxa2 
28.Nb1 Bxb1 29.Rxb1 Kf8 30.Ke1 a2 31.Ra1 Ra3 32.Bc4 Rxa5 33.Rxa2 Rc5 34.
Bd3 g6 35.Rb2 Rc7 36.Rb5 Re7 37.Ke2 Kg7 38.Bc4 e4 39.Bd5 exf3+ 40.Kxf3 Kh6
41.Rxb7 Re8 42.Kf4 Rd8 43.Ke5 Rf8 44.Ra7 Rd8 45.Rc7 Rf8 46.Rd7 f4 47.Rf7 
Re8+ 48.Kxf4 Rd8 49.Be4 1-0

[Event "zonal 2.5"]
[Site "Buenos Aires ARG"]
[Date "2000.08.03"]
[Round "8.7"]
[White "Rodriguez Vila, Andres"]
[Black "Peralta, Eduardo"]
[Result "1-0"]
[WhiteElo "2493"]
[BlackElo "2330"]
[EventDate "2000.07.26"]
[PlyCount "65"]

1.e4 c5 2.Nf3 Nc6 3.d4 cxd4 4.Nxd4 Nf6 5.Nc3 d6 6.Bc4 Qb6 7.Nb3 e6 8.Bf4 
Ne5 9.Bb5+ Bd7 10.Bxd7+ Nfxd7 11.Qe2 a6 12.O-O Be7 13.Rad1 O-O 14.Kh1 Rac8
15.Bc1 Rfe8 16.f4 Nc4 17.Rd3 Qc7 18.Nd1 b5 19.c3 Nf8 20.Rg3 Qb7 21.Nf2 Kh8
22.Qg4 g6 23.f5 exf5 24.exf5 Bf6 25.Qd1 gxf5 26.Nd4 Qd5 27.Qh5 Bxd4 28.
cxd4 f6 29.Ng4 Nd7 30.Nh6 Re7 31.Nxf5 Nb8 32.Bh6 Rd7 33.Ne7 1-0

[Event "zonal 2.5"]
[Site "Buenos Aires ARG"]
[Date "2000.08.04"]
[Round "9.2"]
[White "Fiorito, Fabian"]
[Black "Giaccio, Alfredo Gustavo"]
[Result "1/2-1/2"]
[WhiteElo "2418"]
[BlackElo "2505"]
[EventDate "2000.07.26"]
[PlyCount "23"]

1.d4 d5 2.c4 c6 3.cxd5 cxd5 4.Nc3 Nc6 5.Nf3 Nf6 6.Bf4 a6 7.e3 Bg4 8.Be2 e6
9.O-O Bd6 10.Bxd6 Qxd6 11.Rc1 O-O 12.a3 1/2-1/2

[Event "zonal 2.5"]
[Site "Buenos Aires ARG"]
[Date "2000.08.04"]
[Round "9.3"]
[White "Vasquez Schroder, Rodrigo"]
[Black "Rodriguez Vila, Andres"]
[Result "1-0"]
[WhiteElo "2454"]
[BlackElo "2493"]
[EventDate "2000.07.26"]
[PlyCount "51"]

1.e4 e6 2.d4 d5 3.Nc3 Bb4 4.e5 Ne7 5.Nf3 b6 6.Bd2 Ba6 7.Nb5 Bxd2+ 8.Qxd2 
O-O 9.Bd3 Qd7 10.a4 c5 11.Ng5 g6 12.h4 Bxb5 13.axb5 c4 14.h5 f5 15.Be2 
Qxb5 16.Nxh7 Qxb2 17.Rd1 Nbc6 18.hxg6 f4 19.Nf6+ Rxf6 20.exf6 Nxg6 21.Rh6 
Kf7 22.Bh5 Rg8 23.Qxf4 Qb4+ 24.Kf1 Qf8 25.Rh7+ Ke8 26.f7+ 1-0

[Event "zonal 2.5"]
[Site "Buenos Aires ARG"]
[Date "2000.08.04"]
[Round "9.4"]
[White "Sorin, Ariel"]
[Black "Silva Sanchez, Carlos"]
[Result "0-1"]
[WhiteElo "2490"]
[BlackElo "2015"]
[EventDate "2000.07.26"]
[PlyCount "70"]

1.d4 Nf6 2.c4 c5 3.d5 e5 4.Nc3 d6 5.e4 Be7 6.Nf3 O-O 7.h3 Nbd7 8.g4 Ne8 9.
Bd3 g6 10.Ne2 Ng7 11.Ng3 Nf6 12.Bh6 Kh8 13.Qc2 Bd7 14.a4 b6 15.Ke2 a6 16.
Rag1 b5 17.axb5 axb5 18.cxb5 Qb6 19.Nd2 Bxb5 20.Bc4 Rfb8 21.Ra1 Nge8 22.
Ra3 Rxa3 23.bxa3 Qa6 24.Ra1 Nc7 25.Ngf1 Bxc4+ 26.Nxc4 Nb5 27.Be3 Nxe4 28.
Qd3 Nf6 29.Ke1 Nd4 30.Bxd4 exd4 31.Nfd2 Nxd5 32.Qf3 Nc3 33.Qxf7 Qb7 34.Qe6
Rf8 35.Na5 Qg2 0-1

[Event "zonal 2.5"]
[Site "Buenos Aires ARG"]
[Date "2000.08.04"]
[Round "9.5"]
[White "Roselli Mailhe, Bernardo"]
[Black "Peralta, Eduardo"]
[Result "1-0"]
[WhiteElo "2400"]
[BlackElo "2330"]
[EventDate "2000.07.26"]
[PlyCount "97"]

1.e4 c5 2.Nf3 d6 3.d4 cxd4 4.Nxd4 Nf6 5.Nc3 Nc6 6.Bc4 Qb6 7.Nb3 e6 8.Bf4 
Ne5 9.Bb5+ Bd7 10.Bxd7+ Nfxd7 11.Qe2 a6 12.O-O Be7 13.Rad1 O-O 14.Kh1 Rac8
15.Bc1 Rfe8 16.f4 Nc4 17.Rd3 Qc7 18.Nd1 b5 19.c3 Qb7 20.Nf2 Nf8 21.Nd4 Bh4
22.Nh3 Rcd8 23.Nf3 Be7 24.Nf2 f5 25.Rfd1 fxe4 26.Nxe4 d5 27.Nf2 Bc5 28.Ng4
Nd6 29.Be3 Bxe3 30.Rxe3 a5 31.Nd4 Nc4 32.Rg3 Kh8 33.b3 Nd6 34.Re3 b4 35.
cxb4 axb4 36.Nxe6 Nxe6 37.Rxe6 Ne4 38.Rxe8+ Rxe8 39.Qe3 Qa6 40.h3 h6 41.
Rxd5 Qxa2 42.Kh2 Qc2 43.Rd4 Kh7 44.Rxb4 h5 45.Rc4 Qb1 46.Rc1 Qb2 47.Ne5 
Nd2 48.Qd3+ Kg8 49.Rd1 1-0

[Event "zonal 2.5"]
[Site "Buenos Aires ARG"]
[Date "2000.08.04"]
[Round "9.6"]
[White "Salas Arros, Cristian"]
[Black "Zarnicki, Pablo"]
[Result "1/2-1/2"]
[WhiteElo "2300"]
[BlackElo "2488"]
[EventDate "2000.07.26"]
[PlyCount "32"]

1.e4 g6 2.d4 Bg7 3.Nc3 d6 4.Be3 c6 5.Qd2 Nd7 6.f3 Ngf6 7.Bc4 b5 8.Bb3 a5 
9.a3 O-O 10.Nge2 Ba6 11.Bh6 c5 12.Bxg7 Kxg7 13.Nd1 cxd4 14.Nxd4 Qb6 15.Ne3
Nc5 16.h4 Nxb3 1/2-1/2